Dokumente /

Hlavní autor: Nestroy, Johann, 1801-1862
Další autoři: Obermaier, Walter, 1942-2024, Böhm, Hermann, 1948-
Jazyk: Němčina
Vydáno: Wien : Deuticke, c2009
Edice: Nestroy, Johann, 1801-1862. Sämtliche Werke
Témata:
Fyzický popis: xxv, 822 s. : il., faksim. ; 21 cm
Knihy
Uloženo v:
LEADER 01671nam a2200433 a 4500
001 001181575
003 CZ BrMZK
005 20120112075125.0
007 ta
008 111122s2009 au ah e 001 0dger
020 |a 978-3-552-06061-6  |q (váz.) 
040 |a BOA001  |b cze 
045 |a w0w6 
072 7 |a 821.112.2.09  |x Německá literatura, německy psaná (o ní)  |2 Konspekt  |9 11 
080 |a 821.112.2(436)-2-051  |2 MRF 
080 |a 821.112.2(436)-2  |2 MRF 
080 |a (093)  |2 MRF 
080 |a (0.072)  |2 MRF 
080 |a (081.1)  |2 MRF 
100 1 |a Nestroy, Johann,  |d 1801-1862  |7 jn20000604160  |4 aut 
245 1 0 |a Dokumente /  |c Johann Nestroy ; herausgegeben von Walter Obermaier und Hermann Böhm 
260 |a Wien :  |b Deuticke,  |c c2009 
300 |a xxv, 822 s. :  |b il., faksim. ;  |c 21 cm 
490 1 |a Sämtliche Werke : historisch-kritische Ausgabe 
504 |a Obsahuje bibliografické odkazy a rejstříky 
600 1 7 |a Nestroy, Johann,  |d 1801-1862  |7 jn20000604160  |2 czenas 
648 4 |a 1801-1862 
650 0 7 |a rakouští dramatici  |7 ph125025  |y 19. stol.  |2 czenas 
650 0 7 |a rakouské drama  |7 ph125015  |y 19. stol.  |2 czenas 
655 7 |a dokumenty  |7 fd132064  |2 czenas 
655 7 |a komentovaná vydání  |7 fd132577  |2 czenas 
655 7 |a sebrané spisy  |7 fd133355  |2 czenas 
700 1 |a Obermaier, Walter,  |d 1942-2024  |7 jx20080821024  |4 edt 
700 1 |a Böhm, Hermann,  |d 1948-  |7 mzk2007377369  |4 edt 
800 1 |a Nestroy, Johann,  |d 1801-1862.  |t Sämtliche Werke 
910 2 |a BOA001  |b RK-0005.874 
990 |a BK 
991 |b 201201  |c NOV  |e n  |x 33 
996 7 |b 261A007080  |c RK-0005.874  |l Rakouská knihovna/2.patro  |r ZHR  |n 0  |p dar  |h B-nes  |w 001215454  |u 000010  |a 0  |e BOA001  |j MZK50  |s A